So sánh và ẩn dụ trong thơ Nguyễn Bính

Những vấn đề lí luận liên quan đến đề tài. Khảo sát các biện pháp tu từ so sánh và ẩn dụ trong thơ Nguyễn Bính. Vai trò của biện pháp so sánh và ẩn dụ tu từ trong thơ Nguyễn Bính

Uloženo v:
Podrobná bibliografie
Hlavní autor: Nguyễn Thùy Linh
Další autoři: Bùi Trọng Ngoãn T.S (Hướng dẫn)
Médium: Kniha
Jazyk:Vietnamese
Vydáno: Đà Nẵng Đại học Sư phạm, Đại học Đà Nẵng 2012
Témata:
Tagy: Přidat tag
Žádné tagy, Buďte první, kdo otaguje tento záznam!
Thư viện lưu trữ: Mạng thư viện Đại học Đà Nẵng
LEADER 01763nam a2200349 4500
001 000017080
003 13491
005 20130301090335.0
008 130301s2012 viesd
041 0 |a vie 
082 |a 895.9221  |b NG-L 
100 1 |a Nguyễn Thùy Linh 
245 |a So sánh và ẩn dụ trong thơ Nguyễn Bính  |c Nguyễn Thùy Linh ; Bùi Trọng Ngoãn hướng dẫn  |k Khóa luận tốt nghiệp 
260 |a Đà Nẵng  |b Đại học Sư phạm, Đại học Đà Nẵng  |c 2012 
300 |a 58 tr., phụ lục 6 tr.  |c 29 cm.  |e Đĩa CD, bản tóm tắt 
500 |a Khóa luận tốt nghiệp đại học. Chuyên ngành: Sư phạm Ngữ văn 
504 |a Mục lục đầu trang, tài liệu tham khảo tr. 73 - 74, phụ lục [13 tr.] 
520 |a Những vấn đề lí luận liên quan đến đề tài. Khảo sát các biện pháp tu từ so sánh và ẩn dụ trong thơ Nguyễn Bính. Vai trò của biện pháp so sánh và ẩn dụ tu từ trong thơ Nguyễn Bính 
600 1 4 |a Nguyễn Bính  |b Vua  |c Đinh Tiên Hoàng  |d 1918-1966 
650 0 4 |a Thơ Việt Nam  |v Khóa luận tốt nghiệp  |x Nghiên cứu  |z Việt Nam 
653 |a Thơ Nguyễn Bính  |a Khoa Ngữ văn 
700 |a Bùi Trọng Ngoãn  |c T.S  |e Hướng dẫn 
OWN |a LSP 
AVA |a UDN50  |b LSP  |d 895.9221 NG-L  |e available  |t Error 5001 Not defined in file expand_doc_bib_avail.  |f 1  |g 0  |h N  |i 0  |k 1 
999 |a From the UDN01 
AVA |a UDN50  |b LSP  |d 895.9221 NG-L  |e available  |t Error 5001 Not defined in file expand_doc_bib_avail.  |f 1  |g 0  |h N  |i 0  |k 1 
TYP |a Monograph 
TYP |a Printed language 
980 |a Mạng thư viện Đại học Đà Nẵng